00303nam a2200121 a 450000100080000000500110000800800410001910000200006024500330008026000330011330000180014665300170016411001551995-08-03 1974 bl uuuu 00u1 u #d1 aTISCORNIA, J.R. aCultivo de plantas frutales. aBuenos Aires: Albatrosc1974 a370p., ilust. aFRUTICULTURA